Top 12 des meilleurs buteurs équipes de France - Statistiques

Statistiques générales
  • Ce quiz a été pris 106 fois
  • Le résultat moyen est 9 sur 12
Statistiques - réponses
Nombre de buts Joueur % Correct
48 Kylian Mbappé
99%
57 Olivier Giroud
97%
51 Thierry Henry
90%
44 Antoine Griezmann
87%
37 Karim Benzema
87%
31 Zinédine Zidane
85%
41 Michel Platini
77%
34 David Trézéguet
66%
30 Just Fontaine
60%
29 Jean-Pierre Papin
46%
26 Sylvain Wiltord
31%
28 Youri Djorkaeff
28%
Aucun quiz correspondant
Distribution des résultats
% des personnes avec chaque résultat
Percentile par nombre de réponses
Votre historique - résultats
Vous n’avez pas pris ce quiz